000 00898nam a2200229 i 4500
001 70776
003 ES-MaACL
005 20251001141054.0
007 t|
008 040802s1934 sp ||||1| spa d
100 1 _aGarófalo, Pietro.
_955620
245 1 0 _aPrincipios de Derecho Constitucional y organización política del Estado fascista italiano /
_cpor Pietro Garófalo ; traducido de la 2ª ed. italiana e introducción por Faustino Menéndez-Pidal.
260 _aMadrid :
_bGóngora,
_c1934.
300 _aXV, 261 p. ;
_c19 cm.
490 1 _aBiblioteca de derecho, sociología y política ;
_v12
650 _aFascismo-
_zItalia.
_9160050
650 4 _aDerecho político-
_zItalia.
_9160051
700 1 _aMenéndez Pidal, Faustino,
_d1924-
_980311
830 0 _aBiblioteca de derecho, sociología y política ;
_v12
_9231046
852 _aES-MaACL
_jA-2147
999 _c70776
_d70776